| 000 | 01227nam a2200337 a 4500 | ||
|---|---|---|---|
| 001 | 000111271 | ||
| 003 | CHAP | ||
| 005 | 20220329144205.0 | ||
| 008 | 150126s2014 mx a fsm |||||||spa d | ||
| 010 | _a107733 | ||
| 011 | _a108705 | ||
| 040 | _cCHAP | ||
| 090 | _aTesis | ||
| 100 | 1 |
_aLuna Olea, Reyna Azucena _969094 |
|
| 245 | 1 | 0 |
_aAnálisis organizacional de caprinocultores y su interacción en la cadena productiva _h[En línea] _cpor Reyna Azucena Luna Olea. |
| 260 |
_aChapingo, Méx. : _bEl autor, _c2014. |
||
| 500 | _aPara ver el contenido del material haga clic en la liga | ||
| 502 | _aTesis (M. C. en Estrategias Agroempresarial) -- UACH. Departamento de CIESTAAM | ||
| 590 |
_aE11695DGD _b10 _c20150129 _lUCH01 _h1151 |
||
| 590 |
_aE5995AHE _b05 _c20150126 _lUCH01 _h0913 |
||
| 590 |
_aE5995AHE _b05 _c20150126 _lUCH01 _h0913 |
||
| 590 |
_aE5995AHE _b05 _c20150126 _lUCH01 _h0919 |
||
| 650 | 1 | 4 |
_aCarne de cabra _xConsumo. _919130 |
| 650 | 1 | 4 |
_aDesarrollo rural. _932067 |
| 650 | 1 | 4 |
_aGanado cabrío _xAspectos económicos. _944994 |
| 650 | 1 | 4 |
_aGanado cabrío _xMercadeo. _945025 |
| 856 |
_aFinding aid _uhttp://10.13.5.2/tesis/sist111271.pdf _zTeclea aquí |
||
| 901 | _aBK | ||
| 942 | _cTESIS | ||
| 942 | _n0 | ||
| 999 |
_c107733 _d107733 |
||